Dialogovyje sistemy Sovremennoje sostojanije i perspektivy razvitija

Salvato in:
Dettagli Bibliografici
Natura: Libro
Lingua:russo
Pubblicazione: Kijev Naukova dumka 1987
Edizione:1. izd.
Serie:Monografija
Tags: Aggiungi Tag
Nessun Tag, puoi essere il primo ad aggiungerne!!

MARC

LEADER 00000nam a2200000 4500
001 c033953
005 20260202081037.1
041 0 |a rus 
044 |a UA 
245 1 0 |a Dialogovyje sistemy  |b Sovremennoje sostojanije i perspektivy razvitija  |c Red. A.M. Dovgjallo 
250 |a 1. izd. 
264 1 |a Kijev  |b Naukova dumka  |c 1987 
300 |a 245 s. 
490 1 |a Monografija 
830 0 |a Monografija